<?xml version="1.0" encoding="UTF-8"?>
<record
    xmlns:xsi="http://www.w3.org/2001/XMLSchema-instance"
    xsi:schemaLocation="http://www.loc.gov/MARC21/slim http://www.loc.gov/standards/marcxml/schema/MARC21slim.xsd"
    xmlns="http://www.loc.gov/MARC21/slim">

  <leader>01336nam a22002654a 4500</leader>
  <controlfield tag="001">001379037</controlfield>
  <controlfield tag="003">AR-Ro-UNCS</controlfield>
  <controlfield tag="005">20251210090448.0</controlfield>
  <controlfield tag="008">161111s2022   ag abo gr     001 0 spa</controlfield>
  <datafield tag="020" ind1=" " ind2=" ">
    <subfield code="a">978-987-3615-03-0</subfield>
  </datafield>
  <datafield tag="040" ind1=" " ind2=" ">
    <subfield code="a">AR-BaBN</subfield>
    <subfield code="b">spa</subfield>
    <subfield code="c">AR-RoUNCS</subfield>
    <subfield code="e">aacr</subfield>
  </datafield>
  <datafield tag="044" ind1=" " ind2=" ">
    <subfield code="a">ag</subfield>
    <subfield code="c">ar-b</subfield>
  </datafield>
  <datafield tag="080" ind1="1" ind2=" ">
    <subfield code="a">33(075.3)</subfield>
    <subfield code="2">2016</subfield>
  </datafield>
  <datafield tag="245" ind1="0" ind2="0">
    <subfield code="a">Econom&#xED;a pol&#xED;tica /</subfield>
    <subfield code="c">Santiago Draschina y Mariano Kestelboim (coordinadores).</subfield>
  </datafield>
  <datafield tag="250" ind1=" " ind2=" ">
    <subfield code="a">1a ed., 2a reimp.</subfield>
  </datafield>
  <datafield tag="260" ind1=" " ind2=" ">
    <subfield code="a">Ituzaing&#xF3; :</subfield>
    <subfield code="b">Maipu&#xE9;,</subfield>
    <subfield code="c">2022.</subfield>
  </datafield>
  <datafield tag="300" ind1=" " ind2=" ">
    <subfield code="a">215 p. :</subfield>
    <subfield code="b">il., fot. mapas ;</subfield>
    <subfield code="c">27 cm.</subfield>
  </datafield>
  <datafield tag="505" ind1="0" ind2=" ">
    <subfield code="a">La econom&#xED;a pol&#xED;tica -- De la antig&#xFC;edad a los inicios del sistema capitalista -- De la consolidaci&#xF3;n del capitalismo a la Primera Guerra Mundial -- Incorporaci&#xF3;n de Latinoam&#xE9;rica al mercado mundial -- El mundo entre dos guerras -- De la posguerra a la crisis de 1973-1976 -- Or&#xED;genes y desarrollo de la globalizaci&#xF3;n financiera -- Siglo XXI: crisis de la hegemon&#xED;a neoriberal y reconfiguraci&#xF3;n centro-periferia -- T&#xF3;picos macroecon&#xF3;micos.</subfield>
  </datafield>
  <datafield tag="521" ind1=" " ind2=" ">
    <subfield code="a">Destinado a estudiantes de nivel secundario.</subfield>
  </datafield>
  <datafield tag="650" ind1=" " ind2="7">
    <subfield code="a">Econom&#xED;a </subfield>
    <subfield code="v">Libros de texto </subfield>
    <subfield code="2">emnbe</subfield>
    <subfield code="x">Ense&#xF1;anza secundaria</subfield>
  </datafield>
  <datafield tag="655" ind1=" " ind2="7">
    <subfield code="a">Libros de texto</subfield>
    <subfield code="2">embne</subfield>
  </datafield>
  <datafield tag="700" ind1="1" ind2=" ">
    <subfield code="a">Fraschina, Santiago</subfield>
    <subfield code="e">editor literario</subfield>
    <subfield code="4">edt</subfield>
  </datafield>
  <datafield tag="700" ind1="1" ind2=" ">
    <subfield code="a">Kestelboim, Marcos Mariano</subfield>
    <subfield code="e">editor literario</subfield>
    <subfield code="4">edt</subfield>
  </datafield>
  <datafield tag="942" ind1=" " ind2=" ">
    <subfield code="2">udc</subfield>
    <subfield code="c">LPD</subfield>
    <subfield code="n">0</subfield>
  </datafield>
  <datafield tag="999" ind1=" " ind2=" ">
    <subfield code="c">820</subfield>
    <subfield code="d">820</subfield>
  </datafield>
  <datafield tag="952" ind1=" " ind2=" ">
    <subfield code="0">0</subfield>
    <subfield code="1">0</subfield>
    <subfield code="2">udc</subfield>
    <subfield code="4">0</subfield>
    <subfield code="7">0</subfield>
    <subfield code="8">CG</subfield>
    <subfield code="a">ESOCIALES</subfield>
    <subfield code="b">ESOCIALES</subfield>
    <subfield code="d">2025-12-10</subfield>
    <subfield code="e">Compra 2025</subfield>
    <subfield code="l">0</subfield>
    <subfield code="o">33(075.3) EC19</subfield>
    <subfield code="p">001521</subfield>
    <subfield code="r">2025-12-10 09:05:31</subfield>
    <subfield code="w">2025-12-10</subfield>
    <subfield code="y">LPD</subfield>
  </datafield>
</record>
